Countries With KFC - Sudden Death - Statistics

General Stats
  • This quiz has been taken 1,182 times
    148 since last reset
  • The average score is 3 of 20
Answers on the Grid
Answers color-coded by a green-red scale on the quiz's grid according to % correct below.
Bahrain
Brunei
Côte d'Ivoire
Cuba
Cyprus
East Timor
Ecuador
Gabon
Georgia
Haiti
Iceland
Iran
Kyrgyzstan
Laos
Lebanon
Luxembourg
Mauritania
Montenegro
Nepal
Nicaragua
Norway
Poland
Portugal
Romania
Russia
Senegal
Sri Lanka
Sudan
Syria
Turkmenistan
Uruguay
Yemen
 
Answer Stats
Answer % Correct
Poland
45%
Portugal
39%
Bahrain
33%
Luxembourg
30%
Cyprus
28%
Romania
19%
Iceland
17%
Brunei
16%
Ecuador
13%
Georgia
13%
Côte d'Ivoire
12%
Cuba
10%
Kyrgyzstan
6%
Sri Lanka
6%
Yemen
6%
Gabon
5%
Lebanon
5%
Senegal
4%
Nepal
1%
Sudan
1%
No matching quizzes found
Score Distribution
Percent of People with Each Score
Percentile by Number Answered
Your Score History
You have not taken this quiz since the last reset